000 00712nam a22002177a 4500
005 20240530110927.0
008 220221s1948 ua c g b 000 0 ara d
017 _bمصر. دار الكتب
040 _aEG-CaGPL
_cEG-CaGPL
082 0 4 _221
_a414 /
_bس ب
100 0 _aسيد نوفل
245 _aالبلاغة العربية فى دور نشاتها /
_cسيد نوفل
260 _aالقاهرة :
_bمكتبة النهضة المصرية ،
_c1948
300 _a176 ص؛
_c20 سم
650 0 7 _aالبلاغة العربية
_2qrmak
650 0 7 _aالجاحظ
_2qrmak
650 0 7 _aالبديع
_2qrmak
651 _2qrmak
942 _2ddc
_cBK
999 _c66588
_d66588